| 000 | 00503nam a22002057a 4500 | ||
|---|---|---|---|
| 003 | Nust | ||
| 005 | 20211217105445.0 | ||
| 008 | 170120b xxu||||| |||| 00| 0 eng d | ||
| 020 | _a9781439802144 | ||
| 038 | _aKhadija | ||
| 040 | _cc | ||
| 082 |
_a671.52 _bHYB |
||
| 100 |
_aOlsen, Flemming Ove _986794 |
||
| 245 |
_aHybrid Laser-arc Welding / _cFlemming Ove Olsen |
||
| 260 |
_aNew York : _bCRS, _c2009. |
||
| 300 |
_a323 p. ; _c24 cm. |
||
| 500 | _aHardcover. | ||
| 563 | _aHB | ||
| 942 |
_cBK _2ddc |
||
| 999 |
_c32194 _d32194 |
||